<?xml version="1.0" encoding="UTF-8"?>
<record
    xmlns:xsi="http://www.w3.org/2001/XMLSchema-instance"
    xsi:schemaLocation="http://www.loc.gov/MARC21/slim http://www.loc.gov/standards/marcxml/schema/MARC21slim.xsd"
    xmlns="http://www.loc.gov/MARC21/slim">

  <leader>00874nam a22002177a 4500</leader>
  <controlfield tag="003">KOHA_M&#x130;RAKIL</controlfield>
  <controlfield tag="005">20260408112827.0</controlfield>
  <controlfield tag="008">260408b        tu ||||| |||| 00| 0 tur d</controlfield>
  <datafield tag="040" ind1=" " ind2=" ">
    <subfield code="a">TR-AnABB</subfield>
    <subfield code="b">tur</subfield>
    <subfield code="c">TR-AnABB</subfield>
  </datafield>
  <datafield tag="041" ind1=" " ind2=" ">
    <subfield code="a">tur</subfield>
  </datafield>
  <datafield tag="082" ind1=" " ind2=" ">
    <subfield code="a">322.4409561</subfield>
    <subfield code="b">BES1992</subfield>
  </datafield>
  <datafield tag="100" ind1="1" ind2=" ">
    <subfield code="a">Be&#x15F;ik&#xE7;i, &#x130;smail</subfield>
  </datafield>
  <datafield tag="245" ind1="1" ind2="0">
    <subfield code="a">Do&#x11F;u Mitingleri'nin analizi  (1967) /</subfield>
    <subfield code="c">&#x130;smail Be&#x15F;ik&#xE7;i</subfield>
  </datafield>
  <datafield tag="260" ind1=" " ind2=" ">
    <subfield code="a">Ankara :</subfield>
    <subfield code="b">Yurt Kitap Yay&#x131;n,</subfield>
    <subfield code="c">1992</subfield>
  </datafield>
  <datafield tag="300" ind1=" " ind2=" ">
    <subfield code="a">123 sayfa ;</subfield>
    <subfield code="c">20 cm</subfield>
  </datafield>
  <datafield tag="505" ind1=" " ind2=" ">
    <subfield code="a">&#x130;&#xE7;indekiler: Sosyal De&#x11F;i&#x15F;me Fakt&#xF6;r&#xFC; olarak &#xF6;nderlik - Mitinglere hakim olan g&#xF6;r&#xFC;&#x15F;ler ve ele al&#x131;nan meseleler - Mitinglere halk kat&#x131;l&#x131;&#x15F;lar&#x131;, partilerin ve h&#xFC;k&#xFC;metin tutumu - Mitinglerde ele al&#x131;nan sorunlar&#x131;n &#xE7;&#xF6;z&#xFC;m yollar&#x131;</subfield>
  </datafield>
  <datafield tag="650" ind1="0" ind2="4">
    <subfield code="a">Siyasi Kat&#x131;l&#x131;m</subfield>
  </datafield>
  <datafield tag="650" ind1="0" ind2="4">
    <subfield code="a">Siyasi Kat&#x131;l&#x131;m, T&#xFC;rkiye</subfield>
  </datafield>
  <datafield tag="900" ind1=" " ind2=" ">
    <subfield code="b">Can &#xC7;ELIK</subfield>
  </datafield>
  <datafield tag="942" ind1=" " ind2=" ">
    <subfield code="2">ddc</subfield>
    <subfield code="c">BK</subfield>
  </datafield>
  <datafield tag="952" ind1=" " ind2=" ">
    <subfield code="0">0</subfield>
    <subfield code="1">0</subfield>
    <subfield code="2">ddc</subfield>
    <subfield code="7">0</subfield>
    <subfield code="a">RUK</subfield>
    <subfield code="b">RUK</subfield>
    <subfield code="d">2026-04-08</subfield>
    <subfield code="l">0</subfield>
    <subfield code="o">322.4409561 BES1992</subfield>
    <subfield code="p">RK7044</subfield>
    <subfield code="r">2026-04-08 10:37:09</subfield>
    <subfield code="w">2026-04-08</subfield>
    <subfield code="y">BK</subfield>
  </datafield>
  <datafield tag="999" ind1=" " ind2=" ">
    <subfield code="c">10196</subfield>
    <subfield code="d">10196</subfield>
  </datafield>
</record>
